| 000 | 00774nam a2200217Ia 4500 | ||
|---|---|---|---|
| 001 | 17593 | ||
| 003 | GE_BSU | ||
| 008 | 181216s||||||||xx |||||||||||||| ||und|| | ||
| 040 | _cGE_BSU | ||
| 080 | _a821.353.1-21 | ||
| 100 | _aვაკელი,იონა(იონა ლუკას ძე მეგრელიძე) | ||
| 245 | _aგიორგი სააკაძე | ||
| 245 | _bტრაგედია 4 მოქმედებად | ||
| 245 | _cრედ.:ვ.ჯიბუტი;მხატვ.:ე.ბოლქვაძე | ||
| 260 | _aთბილისი | ||
| 260 | _bხელოვნება | ||
| 260 | _c1957 | ||
| 300 | _a106 გვ. ; 17 სმ. | ||
| 653 | _aტრაგედია 4 მოქმედებად | ||
| 942 | _cBK | ||
| 999 |
_c50643 _d50643 |
||